MARC details
| 000 -LEADER |
| fixed length control field |
01133cam a22003371 4500 |
| 001 - CONTROL NUMBER |
| control field |
6617706 |
| 003 - CONTROL NUMBER IDENTIFIER |
| control field |
BDDh-ASL |
| 005 - DATE AND TIME OF LATEST TRANSACTION |
| control field |
20231015030304.0 |
| 008 - FIXED-LENGTH DATA ELEMENTS--GENERAL INFORMATION |
| fixed length control field |
801020m19679999pk b 000 0beng |
| 010 ## - LIBRARY OF CONGRESS CONTROL NUMBER |
| LC control number |
sa 68010265 |
| 025 ## - OVERSEAS ACQUISITION NUMBER |
| Overseas acquisition number |
PL480:P-E-1409 |
| 035 ## - SYSTEM CONTROL NUMBER |
| System control number |
(OCoLC)6842498 |
| 040 ## - CATALOGING SOURCE |
| Original cataloging agency |
DLC |
| Transcribing agency |
NIC |
| Modifying agency |
DLC |
| -- |
BDDh-ASL |
| 041 1# - LANGUAGE CODE |
| Language code of text/sound track or separate title |
engund |
| 042 ## - AUTHENTICATION CODE |
| Authentication code |
premarc |
| 050 00 - LIBRARY OF CONGRESS CALL NUMBER |
| Classification number |
BP70 |
| Item number |
.I3213 |
| 082 ## - DEWEY DECIMAL CLASSIFICATION NUMBER |
| Classification number |
297.0922 |
| Item number |
MOI |
| 100 2# - MAIN ENTRY--PERSONAL NAME |
| Personal name |
Ibn Saʻd, Muḥammad, |
| Dates associated with a name |
approximately 784-845. |
| 245 10 - TITLE STATEMENT |
| Title |
Kitab al-tabaqat al-kabir,Vol.-1,Part-1 & 2 / |
| Statement of responsibility, etc. |
English translation by S. Moinul Haq, assisted by H. K. Ghazanfar. |
| 260 ## - PUBLICATION, DISTRIBUTION, ETC. |
| Place of publication, distribution, etc. |
Karachi : |
| Name of publisher, distributor, etc. |
Pakistan Historical Society, |
| Date of publication, distribution, etc. |
[1967- |
| 300 ## - PHYSICAL DESCRIPTION |
| Extent |
601 p. : |
| Dimensions |
25 cm. |
| 490 1# - SERIES STATEMENT |
| Series statement |
Pakistan Historical Society. Publication, |
| Volume/sequential designation |
no. 46 |
| 504 ## - BIBLIOGRAPHY, ETC. NOTE |
| Bibliography, etc. note |
Bibliographical footnotes. |
| 600 00 - SUBJECT ADDED ENTRY--PERSONAL NAME |
| Personal name |
Muḥammad, |
| Titles and other words associated with a name |
Prophet, |
| Dates associated with a name |
-632. |
| 650 #0 - SUBJECT ADDED ENTRY--TOPICAL TERM |
| Topical term or geographic name entry element |
Muslims |
| Form subdivision |
Biography. |
| 700 1# - ADDED ENTRY--PERSONAL NAME |
| Personal name |
Haq. Syed Moinul, |
| Dates associated with a name |
1901- |
| Relator term |
ed. |
| 700 1# - ADDED ENTRY--PERSONAL NAME |
| Personal name |
Ghazanfar, H. K., |
| Relator term |
tr. |
| 830 #0 - SERIES ADDED ENTRY--UNIFORM TITLE |
| Uniform title |
Pakistan Historical Society publication ; |
| Volume/sequential designation |
no. 46. |
| 906 ## - LOCAL DATA ELEMENT F, LDF (RLIN) |
| a |
7 |
| b |
cbc |
| c |
oclcrpl |
| d |
u |
| e |
ncip |
| f |
19 |
| g |
y-gencatlg |
| 942 ## - ADDED ENTRY ELEMENTS (KOHA) |
| Source of classification or shelving scheme |
Dewey Decimal Classification |
| Koha item type |
Books |